| 000 | 00845nam a22002537a 4500 | ||
|---|---|---|---|
| 999 |
_c16603 _d16603 |
||
| 003 | AR-CdUCM | ||
| 008 | 190503b ||||| |||| 00| 0 spa d | ||
| 040 |
_aMUNICIPALIDAD PROVINCIAL DEL CUSCO _cBIBLIOTECA MUNICIPAL DEL CUSCO |
||
| 041 | _heng | ||
| 082 |
_a330.1 / _bB15 |
||
| 100 |
_aBagaturia, G. _936135 |
||
| 245 | _aEl Capital de Marx y el capitalismo / | ||
| 260 |
_aMéxico D. F. : _bGrijalbo, _c1968. |
||
| 300 |
_a159 páginas ; _c19 cm. |
||
| 440 |
_aColección 70. _n33 _936136 |
||
| 505 | _aContenido: El capital de Marx -- El capitalismo. | ||
| 650 |
_aCapitalismo _93221 |
||
| 650 |
_aCapitalismo y desarrollo humano _936137 |
||
| 650 |
_aAspectos filosóficos _95249 |
||
| 700 |
_aArdaiev, G. (coautor) _936138 |
||
| 700 |
_aUrondo, María Luisa (traducción) _936139 |
||
| 942 |
_2ddc _cLIBROS |
||
| 945 |
_aachl _d2019-05-03 |
||